000 00367nam a2200133 a 4500
005 20140414131856.0
008 100828s19uu xx 00 eng d
050 _aFIL
_bAl1 2008
100 _aMatias, Segundo
245 _aAlamat ng Ilog Pasig :
_bThe legend of the Pasig River.
260 _aManila, Philippines :
_bLampara,
_c2008.
440 _a
999 _c110465
_d110465